Investigación filosófica: manual del profesor para acompañar a El descubrimiento de Harry Stottlemeier. Capítulo VIII

محفوظ في:
التفاصيل البيبلوغرافية
المؤلفون الرئيسيون: Sharp, Ann Margaret (مؤلف), Oscanyan, Frederick S (مؤلف)
التنسيق: كتاب
اللغة:الإسبانية
منشور في: Madrid De la Torre 1988
سلاسل:Proyecto Didáctico Quirón. Programa Filosofía para Niños
الموضوعات:
الوسوم: إضافة وسم
لا توجد وسوم, كن أول من يضع وسما على هذه التسجيلة!

MARC

LEADER 00000nam a2200000 a 4500
001 UCN1825
003 CL-VaPUC
008 010504e19880000SP |||||||||||||||||spa|d
082 0 4 |a 808.0683  |b LIP  |2 21 
700 0 |a Sharp, Ann Margaret  |e author  |9 457245 
700 0 |a Oscanyan, Frederick S  |e author  |9 457246 
245 1 0 |a Investigación filosófica: manual del profesor para acompañar a El descubrimiento de Harry Stottlemeier. Capítulo VIII 
300 |a pág. irreg 
942 |c BK 
945 |d 20010504 00:00:00  |a cmena 
260 |a Madrid  |b De la Torre  |c 1988 
500 |a En forma separada texto: El descubrimiento de Harry 
500 |a Capítulo VIII, ideas principales. 1: Pensamientos privados. 2: Estilos de pensar. 3: Actos mentales. 4: ¿Qué son los valores?. 5: Identificación de valores. 6: Relaciones transferibles. 7: Razonamiento con clases. 8: ¿Por qué se dice que algunas cosas son "buenas"?. 9: ¿Hay casos en que es correcto acusar a alguien?. 10: ¿Por qué sucedió el incidente de la pedrada? 
650 0 |a Literatura infantil   |9 307465 
650 7 |a FILOSOFIA PARA NIÑOS  |2 CL-VaPUC  |9 457247 
650 0 |a Métodos de enseñanza  |9 270413 
583 |a last modification  |c 20010504 00:00:00  |k Rodrigo Vera 
490 0 |a Proyecto Didáctico Quirón. Programa Filosofía para Niños 
999 |c 295050  |d 295048 
952 |0 0  |1 0  |4 0  |6 808_068300000000000_LIP_1988  |7 0  |8 P  |9 347934  |a BIBEDU  |b BIBEDU  |c BIBEDU_PB  |d 2019-11-20  |i 3698688  |o 808.0683 LIP 1988  |p 3698688  |r 2024-01-25  |w 2019-11-20  |y BK  |k EPE 
952 |0 0  |1 0  |4 0  |6 808_068300000000000_LIP_1988  |7 0  |8 P  |9 347935  |a BIBEDU  |b BIBEDU  |c BIBEDU_PB  |d 2019-11-20  |i 372347K  |o 808.0683 LIP 1988  |p 372347K  |r 2024-01-25  |w 2019-11-20  |y BK  |k EPE